|
|
|
|
| LEADER |
00000nam0a2200000 4500 |
| 001 |
376220 |
| 005 |
20231102012813.0 |
| 020 |
|
|
|a RU
|b 86-61134
|
| 035 |
|
|
|a (RuTPU)RU\TPU\retro\33660
|
| 035 |
|
|
|a RU\TPU\book\304151
|
| 090 |
|
|
|a 376220
|
| 100 |
|
|
|a 20221221d1986 k y0rusy5003 ca
|
| 101 |
0 |
|
|a rus
|
| 102 |
|
|
|a UA
|
| 105 |
|
|
|a y z 001zy
|
| 200 |
1 |
|
|a Автоматизация планирования комплексного развития регионов
|f Н. Ф. Тимчук
|
| 210 |
|
|
|a Киев
|c Технiка
|d 1986
|
| 215 |
|
|
|a 220 с.
|
| 320 |
|
|
|a Библиогр.: с. 214-218 (49 назв.)
|
| 606 |
1 |
|
|a Автоматизированные системы планирования и управления
|2 stltpush
|3 (RuTPU)RU\TPU\subj\615
|9 29488
|
| 610 |
1 |
|
|a экономика
|
| 610 |
1 |
|
|a территориальное планирование
|
| 610 |
1 |
|
|a АСПР
|
| 610 |
1 |
|
|a методические основы
|
| 610 |
1 |
|
|a проектирование
|
| 610 |
1 |
|
|a внедрение
|
| 610 |
1 |
|
|a функционирование
|
| 610 |
1 |
|
|a ЭВМ
|
| 675 |
|
|
|a 658.012.011.56
|v 3
|
| 700 |
|
1 |
|a Тимчук
|b Н. Ф.
|g Николай Федорович
|
| 801 |
|
0 |
|a RU
|b RuMRKP
|c 19960705
|g psbo
|
| 801 |
|
1 |
|a RU
|b 63413507
|c 20150113
|
| 801 |
|
2 |
|a RU
|b 63413507
|c 20221221
|g RCR
|
| 942 |
|
|
|c BK
|